american jesus - Nessa Barrett - Statistics

General Stats
  • This quiz has been taken 39 times
  • The average score is 196 of 275
Answer Stats
Hint Answer % Correct
a
97%
american
94%
jesus
94%
he
90%
I
90%
me
90%
we
90%
got
87%
my
87%
and
84%
eyes
84%
Verse 1 He's
84%
hes
84%
like
84%
the
84%
Chorus | Post-Chorus You
84%
you
84%
his
81%
on
81%
all
77%
baby
77%
cross
77%
do
77%
in
77%
neck
77%
that
77%
to
77%
your
77%
be
74%
blue
74%
look
74%
no
74%
of
74%
hair
71%
love
71%
sex
71%
with
71%
heaven
68%
know
68%
long
68%
red
68%
take
68%
white
68%
youre
68%
at
65%
bed
65%
but
65%
can
65%
cherry
65%
dont
65%
jean
65%
life
65%
little
65%
pretty
65%
secrets
65%
so
65%
tonight
65%
(tonight)
65%
too
65%
wine
65%
brown
61%
greatest
61%
green
61%
halo
61%
lips
61%
never
61%
now
61%
see
61%
weakness
61%
believe
58%
down
58%
Pre-Chorus Knees
58%
smoke
58%
stars
58%
tell
58%
wont
58%
breath
55%
out
55%
please
55%
save
55%
sundays
55%
alive
52%
alter
52%
cowboy
52%
die
52%
felt
52%
ive
52%
ride
52%
spends
52%
make
48%
off
48%
reborn
48%
sunset
48%
allegiance
45%
crown
45%
till
45%
desert
42%
Verse 2 Lets
42%
ooh
42%
saint
42%
whore
42%
pledge
39%
water
35%
drive
32%
fail
32%
walk
32%
into
29%
cigerette
6%
Outro ah, ah-ah
0%
(my life)
0%
No matching quizzes found
Score Distribution
Percent of People with Each Score
Percentile by Number Answered
Your Score History
You have not taken this quiz